| 000 | 01084cam a2200361 a 4500 | ||
|---|---|---|---|
| 001 | 1127653 | ||
| 003 | OSt | ||
| 005 | 20140310181643.0 | ||
| 008 | 950627s1995 pau 000 1 eng | ||
| 010 | _a 94068255 | ||
| 020 | _a0553212753 | ||
| 040 |
_aDLC _cDLC |
||
| 043 | _an-usn-- | ||
| 050 | 0 | 0 |
_aPS 1017 _b.Al355 1989 |
| 082 | 0 | 0 |
_aCLA _bAl1l 1983 |
| 100 | 1 |
_aAlcott, Louisa May, _d1832-1888. _93006 |
|
| 245 | 1 | 0 |
_aLittle women / _cLouisa May Alcott. |
| 260 |
_aNew York : _bBantam Books, _cc1989 |
||
| 300 |
_a470 p. ; _c18 cm. |
||
| 541 | _j1 | ||
| 541 | _j2 | ||
| 562 | _e2 | ||
| 650 | 0 |
_aFiction _9746 |
|
| 650 | 0 |
_aMothers and daughters _xFiction. _93007 |
|
| 650 | 0 |
_aYoung women _xFiction. _93008 |
|
| 650 | 0 |
_aSisters _xFiction. _93009 |
|
| 651 | 0 |
_aNew England _xFiction. _93010 |
|
| 655 | 7 |
_aAutobiographical fiction. _2gsafd _92936 |
|
| 655 | 7 |
_aDomestic fiction. _2lcsh _92796 |
|
| 906 |
_a7 _bcbc _corignew _d2 _eopcn _f19 _gy-gencatlg |
||
| 942 |
_2lcc _cBBK _kCLA |
||
| 999 |
_c837 _d837 |
||